000 01129aam a2200325 i 4500
001 768714001
003 CO-MdFUSB
005 20241023103510.0
007 ta
008 211123t2003 ag |||| |||| 00| 0 spa d
020 _a9879403541
040 _bspa.
_aCO-MdFUSB
_cCO-MdFUSB
_dCO-MdFUSBC
_erda
041 _aspa
082 0 4 _223
_a266
_bAR662
100 1 _aArana Quiroz, Pedro
_eautor
245 3 _aEl trino Dios y la misión integral
_c/ Pedro Arana Quiróz , Samuel Escobar , C. René Padilla
264 1 _aBuenos Aires, Argentina :
_bkairós,
_c[2003]
264 4 _c©2003
300 _a147 páginas
_c; 20 cm
336 _atexto
_btxt
_2rdacontent
337 _2rdamedia
_asin mediación
_bn
338 _2rdacarrier
_avolumen
_bnc
505 _aLa misión de Dios y la nuestra. Pedro Arana - Una cristología para la misión integral. Samuel Escobar - El Espíritu Santo y la misión integral de la iglesia. C. René Padilla
563 _aRústico
650 0 _aMisiones
_9154
700 _aEscobar, Samuel,
_eautor
_91585
700 1 _9775
_aPadilla, C. René
_d1932-
_eautor
942 _cBK
945 _aJTF-925
999 _c37392
_d37392